[Event "VII OPEN AMATEUR CALVIA"]
[Site "Calvia - Mallorca (España)"]
[Date "2010.10.12"]
[Round "4"]
[Board "1"]
[White "Barcelo Pujadas, Pedro Jose"]
[Black "Plachkinova, Tatjana"]
[Result "1-0"]
[WhiteElo "2269"]
[BlackElo "2091"]
[PlyCount "85"]
[EventDate "2010.10.09"]
[EventRounds "9"]
[EventCountry "ESP"]

1.Nf3 c5 2.c4 g6 3.d4 cxd4 4.Nxd4 Bg7 5.Nc3 Nc6 6.e3 d6 7.Be2 Nf6 8.O-O O-O 9.b3
d5 10.Bb2 Nxd4 11.exd4 b6 12.Bf3 Bb7 13.Re1 Re8 14.Ba3 Qd7 15.c5 Ne4 16.Nxe4
dxe4 17.Bxe4 Bxe4 18.Rxe4 f5 19.c6 Qxc6 20.Rxe7 Rxe7 21.Bxe7 Qd7 22.Bg5 Qxd4
23.Qxd4 Bxd4 24.Rd1 Re8 25.Kf1 Bc3 26.f3 Bg7 27.Rd7 a6 28.Rd6 h6 29.Bd2 b5
30.Rxg6 Kf7 31.Rxa6 Rd8 32.Bxh6 Be5 33.h4 Bg3 34.Bg5 Re8 35.Bd2 Bxh4 36.Rb6 Re5
37.a4 bxa4 38.bxa4 Rd5 39.Ke2 Bg3 40.Rb5 Rd4 41.Rxf5+ Ke6 42.Ra5 Be5 43.Rxe5+

[Event "VII OPEN AMATEUR CALVIA"]
[Site "Calvia - Mallorca (España)"]
[Date "2010.10.12"]
[Round "4"]
[Board "1"]
[White "Nilsson, Viktor"]
[Black "Chueca Forcen, Alberto"]
[Result "1/2-1/2"]
[WhiteElo "2151"]
[BlackElo "2280"]
[PlyCount "91"]
[EventDate "2010.10.09"]
[EventRounds "9"]
[EventCountry "ESP"]

1.d4 Nf6 2.Nf3 c5 3.d5 e6 4.c4 exd5 5.cxd5 d6 6.Nc3 g6 7.g3 Bg7 8.Bg2 O-O 9.O-O
a6 10.a4 Nbd7 11.h3 Qc7 12.e4 Rb8 13.a5 Re8 14.Qc2 b5 15.axb6 Rxb6 16.Re1 Rb4
17.g4 Ne5 18.Nxe5 Rxe5 19.Ra4 h5 20.g5 Nd7 21.Na2 Rxa4 22.Qxa4 Nb6 23.Qd1 Re8
24.Nc3 Kf8 25.Na4 Nc4 26.b3 Nb6 27.Bb2 Nxa4 28.Bxg7+ Kxg7 29.Qa1+ Kg8 30.Qxa4
Qd7 31.Ra1 Qxa4 32.Rxa4 Re7 33.Bf1 Ra7 34.h4 Kf8 35.f4 Ke7 36.Kf2 a5 37.Bb5 Bg4
38.Ke3 Bd1 39.Ra3 Bc2 40.Bd3 Bxd3 41.Kxd3 Rb7 42.Kc3 Rb4 43.Ra4 Rb5 44.Kc4 Rb7
45.e5 Kd7 46.Kc3

[Event "VII OPEN AMATEUR CALVIA"]
[Site "Calvia - Mallorca (España)"]
[Date "2010.10.12"]
[Round "4"]
[Board "1"]
[White "Spence, David J"]
[Black "Rhein, Klaus"]
[Result "1/2-1/2"]
[WhiteElo "2225"]
[BlackElo "2146"]
[PlyCount "82"]
[EventDate "2010.10.09"]
[EventRounds "9"]
[EventCountry "ESP"]

1.e4 c6 2.d4 d5 3.Nc3 dxe4 4.Nxe4 Bf5 5.Ng3 Bg6 6.h4 h6 7.Nf3 Nf6 8.Ne5 Bh7
9.Bd3 Bxd3 10.Qxd3 e6 11.Bd2 Nbd7 12.f4 Qc7 13.O-O-O c5 14.Rhe1 Nxe5 15.dxe5 c4
16.Qd4 Nd5 17.f5 c3 18.Qa4+ Qc6 19.Qxc6+ bxc6 20.Bxc3 Nxc3 21.bxc3 Ba3+ 22.Kd2
O-O-O+ 23.Ke3 Be7 24.fxe6 Bxh4 25.Kf3 fxe6 26.Rd4 Rhf8+ 27.Kg4 Bxg3 28.Kxg3 Rd5
29.Rxd5 cxd5 30.c4 dxc4 31.Re4 Rf5 32.Rxc4+ Kb7 33.Rg4 g5 34.Rb4+ Kc6 35.Ra4 Kb6
36.Rb4+ Ka5 37.Rb7 a6 38.Rh7 Rxe5 39.Rxh6 Kb4 40.Kg4 Kc3 41.Rg6 Kxc2

[Event "VII OPEN AMATEUR CALVIA"]
[Site "Calvia - Mallorca (España)"]
[Date "2010.10.12"]
[Round "4"]
[Board "1"]
[White "Lommers, Frank"]
[Black "Mercant Simo, Jaime"]
[Result "1-0"]
[WhiteElo "2191"]
[BlackElo "2123"]
[PlyCount "65"]
[EventDate "2010.10.09"]
[EventRounds "9"]
[EventCountry "ESP"]

1.c4 e6 2.g3 f5 3.Bg2 Nf6 4.Nf3 d5 5.O-O c6 6.d3 dxc4 7.dxc4 Qxd1 8.Rxd1 Nbd7
9.Nc3 e5 10.e4 Nxe4 11.Nxe4 fxe4 12.Ng5 Nf6 13.Bd2 Bc5 14.Re1 Bd4 15.Bc3 O-O
16.Bxd4 exd4 17.Rad1 e3 18.fxe3 dxe3 19.Rxe3 Bg4 20.Rde1 Rfe8 21.Ne4 Nxe4
22.Bxe4 Bh5 23.b4 Rad8 24.b5 cxb5 25.cxb5 b6 26.Bc6 Rxe3 27.Rxe3 Kf8 28.Ra3 Be8
29.Bxe8 Rxe8 30.Rxa7 Re2 31.a4 Ra2 32.a5 bxa5 33.b6

[Event "VII OPEN AMATEUR CALVIA"]
[Site "Calvia - Mallorca (España)"]
[Date "2010.10.12"]
[Round "4"]
[Board "1"]
[White "Lopez Colon, Francisco"]
[Black "Tscharotschkin, Michael"]
[Result "1/2-1/2"]
[WhiteElo "2145"]
[BlackElo "2179"]
[PlyCount "58"]
[EventDate "2010.10.09"]
[EventRounds "9"]
[EventCountry "ESP"]

1.d4 d5 2.c4 e6 3.Nc3 c6 4.e3 Nd7 5.Qc2 Bd6 6.Nf3 f5 7.cxd5 cxd5 8.Nb5 Bb8 9.Bd2
a6 10.Qa4 Ne7 11.Bb4 O-O 12.Qa3 Re8 13.Nd6 Bxd6 14.Bxd6 Nc6 15.Bd3 Nf6 16.O-O
Bd7 17.Rac1 Rc8 18.Bf4 Qe7 19.Qxe7 Nxe7 20.Ne5 Rxc1 21.Rxc1 Rc8 22.Rxc8+ Bxc8
23.b4 Ne4 24.f3 Nc3 25.a3 Ng6 26.Nxg6 hxg6 27.Kf2 Bd7 28.Ke1 Nb5 29.Bxb5 Bxb5

[Event "VII OPEN AMATEUR CALVIA"]
[Site "Calvia - Mallorca (España)"]
[Date "2010.10.12"]
[Round "4"]
[Board "1"]
[White "Planas Gene, Juan"]
[Black "Grichkevitch, Gilles"]
[Result "1-0"]
[WhiteElo "2163"]
[BlackElo "2099"]
[PlyCount "83"]
[EventDate "2010.10.09"]
[EventRounds "9"]
[EventCountry "ESP"]

1.d4 Nf6 2.c4 g6 3.Nc3 Bg7 4.e4 d6 5.Nf3 O-O 6.Be2 e5 7.O-O Nc6 8.d5 Ne7 9.b4 a5
10.bxa5 c5 11.Nd2 Rxa5 12.Nb3 Ra6 13.a4 Nd7 14.Be3 f5 15.f3 Nf6 16.Qc2 f4 17.Bf2
h5 18.a5 g5 19.Na4 g4 20.Nb6 Ng6 21.Nxc8 Qxc8 22.Nd2 Rf7 23.Rfb1 Bh6 24.Rb3 Rg7
25.Nf1 Kh7 26.Qb2 g3 27.hxg3 fxg3 28.Bxg3 h4 29.Bh2 Nh5 30.Ne3 Bxe3+ 31.Rxe3 Ng3
32.Bxg3 hxg3 33.f4 exf4 34.Rb3 Ra7 35.Qf6 Qc7 36.Bh5 Ne5 37.Qxf4 Rxa5 38.Rf1 Ra8
39.Rxg3 Nxc4 40.Bf7 Rxg3 41.Qh4+ Kg7 42.Qxg3+

[Event "VII OPEN AMATEUR CALVIA"]
[Site "Calvia - Mallorca (España)"]
[Date "2010.10.12"]
[Round "4"]
[Board "1"]
[White "Gaya Llodra, Juan"]
[Black "Valls Casas, Jordi"]
[Result "1-0"]
[WhiteElo "2216"]
[BlackElo "2088"]
[PlyCount "119"]
[EventDate "2010.10.09"]
[EventRounds "9"]
[EventCountry "ESP"]

1.d4 d5 2.g3 e6 3.Bg2 f5 4.c4 c6 5.Nc3 Nf6 6.Nh3 h6 7.Nf4 Kf7 8.h4 Bd6 9.h5 Bxf4
10.Bxf4 Re8 11.Qd3 Na6 12.a3 Bd7 13.b4 Nc7 14.g4 dxc4 15.Qg3 Ncd5 16.g5 Nxf4
17.Qxf4 Nd5 18.Bxd5 exd5 19.gxh6 gxh6 20.Rg1 Rg8 21.O-O-O Rg5 22.e4 Qg8 23.Rge1
Rg4 24.Qd6 Qg5+ 25.Kb2 Qe7 26.Qxe7+ Kxe7 27.exd5+ Kd6 28.dxc6 bxc6 29.d5 Re8
30.dxc6+ Kxc6 31.b5+ Kc7 32.Nd5+ Kc8 33.Rxe8+ Bxe8 34.Nf6 Bxh5 35.Nxh5 Kc7
36.Nf6 Rg2 37.Nd5+ Kb7 38.Rd2 h5 39.Nf4 Rh2 40.Kc3 Rh4 41.Rd4 Rh2 42.Kxc4 Rxf2
43.Nxh5 Rf1 44.Rf4 Rc1+ 45.Kb4 a6 46.bxa6+ Kxa6 47.Rxf5 Rb1+ 48.Ka4 Rh1 49.Rf6+
Kb7 50.Nf4 Rg1 51.Nd5 Rg5 52.Rd6 Rg1 53.Kb5 Rb1+ 54.Nb4 Rh1 55.a4 Rh5+ 56.Rd5
Rxd5+ 57.Nxd5 Ka7 58.a5 Kb7 59.a6+ Ka7 60.Nc7

[Event "VII OPEN AMATEUR CALVIA"]
[Site "Calvia - Mallorca (España)"]
[Date "2010.10.12"]
[Round "4"]
[Board "1"]
[White "Burton, Graham P"]
[Black "Garcia Gil, Javier"]
[Result "0-1"]
[WhiteElo "2080"]
[BlackElo "2241"]
[PlyCount "90"]
[EventDate "2010.10.09"]
[EventRounds "9"]
[EventCountry "ESP"]

1.e4 c6 2.c4 d5 3.exd5 cxd5 4.cxd5 Nf6 5.Nc3 Nxd5 6.Nf3 Nxc3 7.bxc3 g6 8.d4 Bg7
9.Bd3 O-O 10.O-O Nc6 11.Re1 b6 12.Bg5 Bb7 13.Rc1 Re8 14.Qd2 Rc8 15.Bh6 Na5
16.Bxg7 Kxg7 17.Ne5 Qd6 18.Re3 Rh8 19.Rh3 Nc6 20.Qh6+ Kg8 21.Nxc6 Qxc6 22.Rg3
Qf6 23.Qe3 Kg7 24.c4 e6 25.Rh3 h6 26.c5 Bd5 27.Bc4 Bxc4 28.Rxc4 b5 29.Rc1 Rc6
30.Rf3 Qg5 31.Qc3 Qd5 32.Qa5 Qxd4 33.Qxa7 Rf8 34.Rfc3 Rd8 35.g3 e5 36.Qb7 Rf6
37.R3c2 e4 38.Qxb5 e3 39.fxe3 Qxe3+ 40.Kh1 Qe4+ 41.Kg1 Qe3+ 42.Kg2 Rd2+ 43.Kh3
Qe6+ 44.Kh4 g5+ 45.Kh5 Qh3#

[Event "VII OPEN AMATEUR CALVIA"]
[Site "Calvia - Mallorca (España)"]
[Date "2010.10.12"]
[Round "4"]
[Board "1"]
[White "Schuermans, Robert"]
[Black "Voiteanu, Gabriel"]
[Result "0-1"]
[WhiteElo "2069"]
[BlackElo "2236"]
[PlyCount "68"]
[EventDate "2010.10.09"]
[EventRounds "9"]
[EventCountry "ESP"]

1.e4 e5 2.Bc4 Nf6 3.d4 exd4 4.Nf3 Nc6 5.Nxd4 Nxe4 6.Qh5 Qf6 7.Nxc6 bxc6 8.O-O
Be7 9.Nd2 Ng5 10.Re1 O-O 11.Nf1 g6 12.Qe2 Ne6 13.Ng3 d5 14.Bd3 Re8 15.c3 Nf4
16.Bxf4 Qxf4 17.Qc2 Bg4 18.Ba6 Rab8 19.Ne2 Qf6 20.Qa4 Bd7 21.b4 Bd6 22.Bd3 Be5
23.Rac1 Bxc3 24.Red1 Bxb4 25.Qxa7 Bd6 26.Qa4 Rxe2 27.Bxe2 Qe5 28.Kf1 Re8 29.Rc2
Qxh2 30.f3 Bg3 31.Qd4 Bf5 32.Rcd2 Bf4 33.Kf2 Qg3+ 34.Kf1 Be3

[Event "VII OPEN AMATEUR CALVIA"]
[Site "Calvia - Mallorca (España)"]
[Date "2010.10.12"]
[Round "4"]
[Board "1"]
[White "Galiana Salom, Juan Ramon"]
[Black "Minescu, Dragos-Olivar"]
[Result "1-0"]
[WhiteElo "2204"]
[BlackElo "2098"]
[PlyCount "107"]
[EventDate "2010.10.09"]
[EventRounds "9"]
[EventCountry "ESP"]

1.e4 d6 2.d4 Nf6 3.Nc3 e5 4.Nf3 Nbd7 5.Bc4 Be7 6.O-O O-O 7.Re1 c6 8.a4 h6 9.h3
Re8 10.Bb3 Qc7 11.Be3 Nf8 12.Qd2 Be6 13.d5 cxd5 14.Bxd5 Nxd5 15.Nxd5 Bxd5
16.Qxd5 Qc6 17.Rad1 Nd7 18.Qd3 Nf6 19.Nd2 d5 20.exd5 Nxd5 21.Nc4 Nxe3 22.Nxe3
Bg5 23.Nd5 e4 24.Qe2 Rac8 25.c3 f5 26.Rd4 Bf6 27.Nxf6+ Qxf6 28.Red1 Rc7 29.Rd7
Rxd7 30.Rxd7 Qc6 31.Qb5 Qxb5 32.axb5 Rb8 33.Kf1 Kh7 34.Ke2 Kg6 35.Ke3 Kf6 36.g3
g6 37.Rd6+ Kf7 38.h4 Re8 39.Kf4 Re6 40.Rd7+ Re7 41.Rxe7+ Kxe7 42.Ke5 h5 43.c4 b6
44.b4 Kf7 45.Kd6 g5 46.Ke5 f4 47.Kxe4 fxg3 48.fxg3 gxh4 49.gxh4 Kf6 50.c5 Ke6
51.c6 Kd6 52.Kf5 Kc7 53.Kg6 a5 54.bxa6

[Event "VII OPEN AMATEUR CALVIA"]
[Site "Calvia - Mallorca (España)"]
[Date "2010.10.12"]
[Round "4"]
[Board "1"]
[White "Dzubasz, Tino"]
[Black "Lacrosse, Marc"]
[Result "1/2-1/2"]
[WhiteElo "2039"]
[BlackElo "2198"]
[PlyCount "59"]
[EventDate "2010.10.09"]
[EventRounds "9"]
[EventCountry "ESP"]

1.f4 d5 2.Nf3 Nf6 3.e3 Bg4 4.Be2 e6 5.b3 Nbd7 6.Bb2 Bd6 7.O-O c6 8.c4 O-O 9.cxd5
exd5 10.Nd4 Bxe2 11.Qxe2 Re8 12.g4 g6 13.g5 Nh5 14.Nf5 Nxf4 15.Nh6+ Kf8 16.Qg4
Qxg5 17.Qxg5 Nh3+ 18.Kg2 Nxg5 19.h4 f5 20.hxg5 Be7 21.Na3 Nc5 22.Nc2 Ne4 23.Nd4
Bxg5 24.Ndxf5 gxf5 25.Rxf5+ Ke7 26.d3 Bxh6 27.dxe4 Rg8+ 28.Kf2 Bg7 29.Bxg7 Rxg7
30.exd5

[Event "VII OPEN AMATEUR CALVIA"]
[Site "Calvia - Mallorca (España)"]
[Date "2010.10.12"]
[Round "4"]
[Board "1"]
[White "Berendsen, Markus"]
[Black "Carrasco Sagredo, Manuel"]
[Result "0-1"]
[WhiteElo "2034"]
[BlackElo "2157"]
[PlyCount "70"]
[EventDate "2010.10.09"]
[EventRounds "9"]
[EventCountry "ESP"]

1.d4 g6 2.Nf3 Bg7 3.Bf4 d5 4.e3 c6 5.c3 Qb6 6.Qb3 Nd7 7.Nbd2 f6 8.Qxb6 Nxb6 9.e4
Nh6 10.e5 g5 11.exf6 exf6 12.Bg3 Bf5 13.O-O-O Nf7 14.Nb3 g4 15.Nfd2 Na4 16.Bf4
Kd7 17.Be2 Bf8 18.Rde1 b5 19.Nb1 Ng5 20.N3d2 h5 21.Bd1 Ne6 22.Be3 c5 23.dxc5
Nexc5 24.Bc2 Nd3+ 25.Bxd3 Bxd3 26.b3 Nc5 27.Kb2 Ne6 28.Nf1 Bg6 29.Rd1 Kc6 30.Ng3
Nc5 31.Ne2 a6 32.Nd4+ Kb7 33.h3 g3 34.f3 Re8 35.Bg1 h4

[Event "VII OPEN AMATEUR CALVIA"]
[Site "Calvia - Mallorca (España)"]
[Date "2010.10.12"]
[Round "4"]
[Board "1"]
[White "Puroila, Sippo"]
[Black "Draghici Flutur, Gavril"]
[Result "0-1"]
[WhiteElo "1950"]
[BlackElo "2152"]
[PlyCount "43"]
[EventDate "2010.10.09"]
[EventRounds "9"]
[EventCountry "ESP"]

1.Nf3 d5 2.d4 Nf6 3.g3 c5 4.Bg2 cxd4 5.Nxd4 e5 6.Nb3 h6 7.O-O Be7 8.Nc3 Be6 9.e4
d4 10.Ne2 Qb6 11.h3 Nc6 12.Kh2 Rd8 13.f4 Bc4 14.fxe5 Nxe5 15.Rf5 d3 16.cxd3 Nxd3
17.Qc2 Be6 18.Rf3 Ne1 19.Qc3 Bb4 20.Qe3 Qxe3 21.Bxe3 Nxf3+ 22.Bxf3

[Event "VII OPEN AMATEUR CALVIA"]
[Site "Calvia - Mallorca (España)"]
[Date "2010.10.12"]
[Round "4"]
[Board "1"]
[White "Walton, Alan J"]
[Black "Thorell, Viktor"]
[Result "1/2-1/2"]
[WhiteElo "2152"]
[BlackElo "2096"]
[PlyCount "25"]
[EventDate "2010.10.09"]
[EventRounds "9"]
[EventCountry "ESP"]

1.d4 d6 2.e4 g6 3.Nc3 Bg7 4.Be3 a6 5.Nf3 b6 6.Bd3 e6 7.Qd2 h6 8.O-O Nd7 9.Ne2
Ne7 10.c4 g5 11.Rac1 c5 12.d5 e5 13.Ng3

[Event "VII OPEN AMATEUR CALVIA"]
[Site "Calvia - Mallorca (España)"]
[Date "2010.10.12"]
[Round "4"]
[Board "1"]
[White "Cerdo Fernandez, Miguel"]
[Black "Adams, Philip"]
[Result "0-1"]
[WhiteElo "1909"]
[BlackElo "2133"]
[PlyCount "60"]
[EventDate "2010.10.09"]
[EventRounds "9"]
[EventCountry "ESP"]

1.e4 c5 2.Nf3 Nc6 3.d4 cxd4 4.Nxd4 g6 5.Nc3 Bg7 6.Be3 Nf6 7.Bc4 Qa5 8.O-O O-O
9.Qd2 Nxd4 10.Bxd4 Nxe4 11.Nxe4 Qxd2 12.Nxd2 Bxd4 13.c3 Bg7 14.Ne4 b5 15.Bd5 Rb8
16.Rad1 b4 17.Rfe1 e6 18.Bb3 d5 19.Ng5 bxc3 20.bxc3 Bxc3 21.Re2 Bf6 22.Nf3 Ba6
23.Rc2 Rfc8 24.Rxc8+ Rxc8 25.Ne1 Bb2 26.Nd3 Ba3 27.f4 Rc3 28.Ne5 Bc5+ 29.Kh1 Be3
30.g3 Be2

[Event "VII OPEN AMATEUR CALVIA"]
[Site "Calvia - Mallorca (España)"]
[Date "2010.10.12"]
[Round "4"]
[Board "1"]
[White "Porte, Henrik"]
[Black "Castell Cantero, Salvador"]
[Result "1-0"]
[WhiteElo "2113"]
[BlackElo "2059"]
[PlyCount "111"]
[EventDate "2010.10.09"]
[EventRounds "9"]
[EventCountry "ESP"]

1.d4 Nf6 2.c4 g6 3.Nc3 Bg7 4.e4 d6 5.Nf3 O-O 6.Be2 Nbd7 7.O-O e5 8.d5 Ne8 9.Re1
f5 10.Ng5 Ndf6 11.Bf3 f4 12.b4 Qe7 13.c5 h6 14.Ne6 Rf7 15.Qb3 g5 16.Be2 g4 17.f3
g3 18.h3 Nh7 19.Bf1 Qh4 20.Ba3 Bf8 21.Rac1 Ng5 22.Nb1 Ng7 23.Nxg5 hxg5 24.Nd2
Ne8 25.Re2 Nf6 26.b5 Rh7 27.Bb4 g4 28.fxg4 Nxg4 29.Nf3 Qh6 30.cxd6 cxd6 31.Rec2
Bd7 32.Rc7 Ne3 33.Rxb7 Rc8 34.Rxc8 Bxc8 35.Rxh7 Qxh7 36.Ng5 Qg6 37.Ne6 Qxe4
38.Nxf8 f3 39.Be1 fxg2 40.Be2 Qf4 41.Qd3 Bf5 42.Ng6 Bxg6 43.Qxg6+ Kh8 44.Qh5+
Kg7 45.Qf3 Nxd5 46.Qxg3+ Qxg3 47.Bxg3 Nc3 48.Bc4 Kf6 49.Be1 Nd1 50.Bd5 Kf5
51.Bxg2 e4 52.a4 Nb2 53.a5 Nc4 54.b6 axb6 55.a6 b5 56.Ba5

[Event "VII OPEN AMATEUR CALVIA"]
[Site "Calvia - Mallorca (España)"]
[Date "2010.10.12"]
[Round "4"]
[Board "1"]
[White "Shen, Yue"]
[Black "Razola, Garcia Joaquin"]
[Result "1/2-1/2"]
[WhiteElo "1885"]
[BlackElo "2112"]
[PlyCount "138"]
[EventDate "2010.10.09"]
[EventRounds "9"]
[EventCountry "ESP"]

1.e4 Nf6 2.e5 Nd5 3.d4 d6 4.Nf3 Bg4 5.Bc4 e6 6.O-O Nb6 7.Be2 d5 8.Nbd2 Be7 9.h3
Bh5 10.a3 c5 11.c3 Nc6 12.b4 c4 13.g4 Bg6 14.Nh2 f5 15.gxf5 Bxf5 16.Bg4 Bd3
17.Bxe6 Bxf1 18.Ndxf1 Bh4 19.Qh5+ g6 20.Qh6 Qe7 21.Bg4 Rf8 22.f4 Be1 23.Bd2 Qh4
24.Qxh4 Bxh4 25.Nf3 Be7 26.h4 Kd8 27.a4 a5 28.b5 Nb4 29.cxb4 axb4 30.a5 c3
31.Bc1 Nc4 32.a6 bxa6 33.Be6 Nb6 34.Ne1 Kc7 35.bxa6 Kc6 36.f5 gxf5 37.Ne3 f4
38.Nf5 Rxf5 39.Bxf5 Kb5 40.Nd3 Kc4 41.Nxf4 Kxd4 42.Bc2 Kxe5 43.Nd3+ Kd4 44.Bf4
Nc4 45.Rd1 Ne3 46.Bxe3+ Kxe3 47.Re1+ Kd2 48.Rxe7 Kxc2 49.Nxb4+ Kd2 50.Rd7 c2
51.Rxd5+ Kc3 52.Nxc2 Kxc2 53.Rd6 Kc3 54.Kg2 Kc4 55.Kg3 Kc5 56.Rf6 Kd5 57.Kf4 Ra7
58.h5 Rg7 59.Rb6 Ra7 60.Rb5+ Kc6 61.Ra5 Kd6 62.Kg5 Ke6 63.Kh6 Kf6 64.Ra1 Ke6
65.Rg1 Rxa6 66.Kxh7 Kf7 67.h6 Rf6 68.Rg7+ Kf8 69.Ra7 Re6

[Event "VII OPEN AMATEUR CALVIA"]
[Site "Calvia - Mallorca (España)"]
[Date "2010.10.12"]
[Round "4"]
[Board "1"]
[White "Du Plessis, Heinco"]
[Black "Navarrete Terrasa, Sebastian"]
[Result "1/2-1/2"]
[WhiteElo "2108"]
[BlackElo "1997"]
[PlyCount "66"]
[EventDate "2010.10.09"]
[EventRounds "9"]
[EventCountry "ESP"]

1.e4 c5 2.Nf3 e6 3.d4 cxd4 4.Nxd4 Nf6 5.Nc3 d6 6.g4 h6 7.h4 Nc6 8.g5 hxg5 9.Bxg5
Be7 10.Rg1 e5 11.Nb3 Be6 12.Qd2 Na5 13.Bb5+ Kf8 14.Bxf6 Bxf6 15.Nd5 Nxb3 16.axb3
Bxh4 17.O-O-O a6 18.Be2 Rc8 19.Bg4 Rc5 20.Bxe6 fxe6 21.Nc3 Rh6 22.f4 Bf6 23.b4
Rc7 24.Rdf1 Rf7 25.f5 exf5 26.Rxf5 Qb6 27.Rgf1 Qxb4 28.Qe3 Qa5 29.Kb1 Qc5 30.Qg3
Re7 31.Qd3 Rh2 32.Qg3 Rh6 33.Qd3 Rh2

[Event "VII OPEN AMATEUR CALVIA"]
[Site "Calvia - Mallorca (España)"]
[Date "2010.10.12"]
[Round "4"]
[Board "1"]
[White "Fruebing, Thomas"]
[Black "Pasanen, Tuomo"]
[Result "0-1"]
[WhiteElo "2234"]
[BlackElo "1992"]
[PlyCount "72"]
[EventDate "2010.10.09"]
[EventRounds "9"]
[EventCountry "ESP"]

1.e4 e5 2.Bc4 Nf6 3.d3 d5 4.exd5 Nxd5 5.Nf3 Bg4 6.h3 Be6 7.Nxe5 Bd6 8.Ng4 O-O
9.O-O Qh4 10.Qf3 c6 11.Bxd5 Bxd5 12.Qf5 h6 13.d4 Re8 14.Nc3 Be6 15.Qf3 Nd7
16.Bf4 Bxf4 17.Qxf4 f5 18.g3 Qxh3 19.Ne3 g5 20.Qc7 Nf6 21.Qe5 Kf7 22.f3 f4
23.gxf4 Qg3+ 24.Ng2 Bh3 25.Rf2 Rxe5 26.fxe5 Bxg2 27.Rxg2 Qxf3 28.Rf1 Qe3+ 29.Kh1
Qxd4 30.Rxf6+ Kg7 31.Rd6 Qxe5 32.Rd7+ Kg6 33.Re2 Qf6 34.Rxb7 Rf8 35.Rbe7 Qf1+
36.Kh2 Rf3

[Event "VII OPEN AMATEUR CALVIA"]
[Site "Calvia - Mallorca (España)"]
[Date "2010.10.12"]
[Round "4"]
[Board "1"]
[White "Knudsen, Jes West"]
[Black "Hvenekilde, Jorgen"]
[Result "1/2-1/2"]
[WhiteElo "1996"]
[BlackElo "2107"]
[PlyCount "63"]
[EventDate "2010.10.09"]
[EventRounds "9"]
[EventCountry "ESP"]

1.e4 e6 2.Nc3 g6 3.d4 d6 4.Be3 a6 5.a4 b6 6.f4 Ne7 7.Nf3 Bg7 8.Qd2 h6 9.g4 Bb7
10.d5 exd5 11.exd5 Nd7 12.O-O-O Nf6 13.Rg1 Nfxd5 14.Bd4 Nf6 15.g5 hxg5 16.Nxg5
Nf5 17.Re1+ Kf8 18.Bf2 b5 19.Bd3 Qd7 20.Kb1 bxa4 21.Bc4 d5 22.Bc5+ Kg8 23.Nce4
Rd8 24.Ba2 Qb5 25.Ba3 Nxe4 26.Rxe4 Bf6 27.Rb4 Qc6 28.Qd3 Bc8 29.Rb8 Kg7 30.Nxf7
Kxf7 31.Rxc8 Rd7 32.Rxh8

[Event "VII OPEN AMATEUR CALVIA"]
[Site "Calvia - Mallorca (España)"]
[Date "2010.10.12"]
[Round "4"]
[Board "1"]
[White "Cemborain Oricain, Alfonso"]
[Black "Korhonen, Pasi"]
[Result "1-0"]
[WhiteElo "1987"]
[BlackElo "2101"]
[PlyCount "129"]
[EventDate "2010.10.09"]
[EventRounds "9"]
[EventCountry "ESP"]

1.e4 c5 2.c3 d5 3.exd5 Qxd5 4.d4 Nf6 5.Nf3 e6 6.Bd3 Nc6 7.O-O Be7 8.c4 Qd8
9.dxc5 Bxc5 10.a3 O-O 11.Nc3 e5 12.b4 Bd4 13.Nxd4 Qxd4 14.Qc2 Qh4 15.Be3 Rd8
16.Rad1 Be6 17.Ne4 Ng4 18.h3 Nxe3 19.fxe3 b6 20.c5 Bd5 21.Nd6 bxc5 22.bxc5 Rab8
23.Bxh7+ Qxh7 24.Qxh7+ Kxh7 25.Rxd5 f6 26.Rfd1 Rb3 27.R5d3 Rb2 28.R1d2 Rb1+
29.Kf2 Rc1 30.Nb7 Rxd3 31.Rxd3 e4 32.Rd6 Ne5 33.Ra6 Nd3+ 34.Kg3 Nxc5 35.Nxc5
Rxc5 36.Rxa7 Rg5+ 37.Kf2 Rf5+ 38.Ke2 Rb5 39.a4 Rb2+ 40.Kf1 Ra2 41.a5 f5 42.a6
Kg6 43.Ra8 Kh7 44.a7 g6 45.Kg1 Kg7 46.Kh2 Kh7 47.Kg3 Kg7 48.Kf4 Ra4 49.h4 Ra1
50.g4 Kh7 51.gxf5 gxf5 52.Rf8 Rxa7 53.Rxf5 Kh6 54.Re5 Rb7 55.h5 Rb4 56.Rxe4 Rb5
57.Re5 Rb4+ 58.e4 Rb1 59.Rf5 Rb8 60.e5 Rb4+ 61.Ke3 Rh4 62.e6 Rh1 63.Re5 Re1+
64.Kd4 Rd1+ 65.Kc5

[Event "VII OPEN AMATEUR CALVIA"]
[Site "Calvia - Mallorca (España)"]
[Date "2010.10.12"]
[Round "4"]
[Board "1"]
[White "Strand, Oyvin"]
[Black "Mulligan, Stephen"]
[Result "1-0"]
[WhiteElo "1978"]
[BlackElo "2098"]
[PlyCount "83"]
[EventDate "2010.10.09"]
[EventRounds "9"]
[EventCountry "ESP"]

1.d4 d5 2.e3 Nf6 3.Bd3 g6 4.f4 c5 5.c3 Bg4 6.Nf3 e6 7.O-O Nc6 8.Qe1 Bxf3 9.Rxf3
Bd6 10.Nd2 Qe7 11.Qe2 Rc8 12.h3 Qc7 13.Rf2 a6 14.Nf3 O-O 15.Bd2 Rfe8 16.Ne5 Ne4
17.Bxe4 dxe4 18.Ng4 Qe7 19.g3 f5 20.Ne5 cxd4 21.exd4 Red8 22.g4 Kh8 23.g5 Bxe5
24.fxe5 Na5 25.Raf1 Nc4 26.Bc1 b5 27.a3 Nb6 28.Rh2 Nd5 29.h4 Rg8 30.Kh1 Rc7
31.Bd2 Qe8 32.Bc1 Qc6 33.Rg2 a5 34.Bd2 Qc4 35.Qxc4 bxc4 36.Re2 Rb8 37.Bc1 Rcb7
38.Rff2 Kg7 39.Kg2 Rb3 40.Kg3 Nb6 41.Kf4 Nd5+ 42.Kg3 {Indescifrble.}

[Event "VII OPEN AMATEUR CALVIA"]
[Site "Calvia - Mallorca (España)"]
[Date "2010.10.12"]
[Round "4"]
[Board "1"]
[White "Lechado Artigues, Pedro"]
[Black "Mosquera Ulloa, Fernando"]
[Result "1-0"]
[WhiteElo "2096"]
[BlackElo "1960"]
[PlyCount "79"]
[EventDate "2010.10.09"]
[EventRounds "9"]
[EventCountry "ESP"]

1.e4 c6 2.d4 d5 3.Nc3 dxe4 4.Nxe4 Bf5 5.Ng3 Bg6 6.h4 h6 7.Nf3 Nf6 8.h5 Bh7 9.Bd3
Bxd3 10.Qxd3 e6 11.Bf4 Bd6 12.Ne5 Qc7 13.O-O-O Nbd7 14.Ne4 Nxe4 15.Qxe4 O-O-O
16.Bg3 Nf6 17.Qe2 Rhf8 18.Kb1 Nd7 19.Rhe1 Nxe5 20.Bxe5 Bxe5 21.Qxe5 Qxe5 22.dxe5
Rxd1+ 23.Rxd1 Rd8 24.Kc1 c5 25.Rxd8+ Kxd8 26.Kd2 Kd7 27.Kd3 Kc6 28.Ke4 b5 29.g4
a5 30.f4 Kd7 31.a4 bxa4 32.Kd3 f6 33.exf6 gxf6 34.g5 fxg5 35.fxg5 Ke7 36.g6 e5
37.Kc4 e4 38.Kc3 Kf6 39.Kd2 c4 40.c3

[Event "VII OPEN AMATEUR CALVIA"]
[Site "Calvia - Mallorca (España)"]
[Date "2010.10.12"]
[Round "4"]
[Board "1"]
[White "Juan Mas, Santiago"]
[Black "Marret, Benjamin"]
[Result "1-0"]
[WhiteElo "2092"]
[BlackElo "1895"]
[PlyCount "68"]
[EventDate "2010.10.09"]
[EventRounds "9"]
[EventCountry "ESP"]

1.d4 d5 2.Bg5 Nd7 3.Nf3 h6 4.Bh4 Ngf6 5.e3 e6 6.Bd3 Be7 7.O-O b6 8.c4 Bb7 9.Nbd2
Ne4 10.Bxe7 Qxe7 11.cxd5 exd5 12.Rc1 c6 13.Qc2 Nxd2 14.Qxd2 O-O 15.Rfe1 Qd6
16.Bb1 Rfe8 17.Qd3 g6 18.a3 a5 19.h3 Re7 20.Ba2 Kg7 21.Rc2 Rae8 22.Rec1 Re4
23.Nd2 R4e7 24.Nf3 Re4 25.Bb1 R4e6 26.Qb3 b5 27.a4 b4 28.Qd3 Ra8 29.Qd1 Rae8
30.Nd2 f5 31.Qf3 Rf6 32.Nb3 f4 33.exf4 Rxf4 34.Qg3 Qf6

[Event "VII OPEN AMATEUR CALVIA"]
[Site "Calvia - Mallorca (España)"]
[Date "2010.10.12"]
[Round "4"]
[Board "1"]
[White "Torner Planell, Jordi"]
[Black "Hoffmann, Roger"]
[Result "0-1"]
[WhiteElo "1966"]
[BlackElo "2086"]
[PlyCount "76"]
[EventDate "2010.10.09"]
[EventRounds "9"]
[EventCountry "ESP"]

1.d4 Nf6 2.Nf3 g6 3.g3 c5 4.c4 cxd4 5.Nxd4 Nc6 6.Bg2 Bg7 7.O-O O-O 8.Nc3 a6
9.Nc2 d6 10.Rb1 Bd7 11.e4 Rc8 12.Ne3 Ne5 13.b3 b5 14.Ncd5 bxc4 15.f4 Nxd5
16.exd5 Nd3 17.bxc4 Nxc1 18.Qxc1 Bd4 19.Kh1 Bxe3 20.Qxe3 Rxc4 21.Rb7 Qc8 22.Rfb1
Bf5 23.Rb8 Qxb8 24.Rxb8 Rxb8 25.h3 Rb1+ 26.Kh2 Rb2 27.g4 Be4 28.Kg3 Rxg2+ 29.Kh4
Rgc2 30.Qb6 Rc7 31.Qb8+ Kg7 32.Qd8 R2c3 33.Qb8 Bxd5 34.Qb6 Bg2 35.g5 h5 36.gxh6+
Kxh6 37.Qd4 Rxh3+ 38.Kg4 f5#

[Event "VII OPEN AMATEUR CALVIA"]
[Site "Calvia - Mallorca (España)"]
[Date "2010.10.12"]
[Round "4"]
[Board "1"]
[White "Selten, Jan"]
[Black "Sokalskaja, Elena"]
[Result "0-1"]
[WhiteElo "1949"]
[BlackElo "2036"]
[PlyCount "47"]
[EventDate "2010.10.09"]
[EventRounds "9"]
[EventCountry "ESP"]

1.e4 c6 2.d4 d5 3.exd5 cxd5 4.c3 Nf6 5.Bd3 Nc6 6.Bf4 g6 7.Nf3 Bg7 8.O-O O-O
9.Nbd2 Bg4 10.h3 Bxf3 11.Nxf3 Ne4 12.Bxe4 dxe4 13.Ne5 Nxe5 14.dxe5 Qc8 15.Qd5
Qf5 16.Bg3 e6 17.Qxb7 Bxe5 18.Kh2 Rab8 19.Qxa7 Rxb2 20.Qe3 Rc8 21.Rae1 Rxc3
22.Qxe4 Bxg3+ 23.fxg3 Qxe4 24.Rxe4